000 00880nam a2200253Ia 4500
003 GCL
008 140319s9999 xx 000 0 ara d
040 _aGCL /
_cGCL
082 0 4 _a189.1
_bا ت
100 1 _aمحمود قاسم
245 1 0 _aتلخيص كتاب القياس /
_cمحمود قاسم
700 1 _aابن رشد : ابوالوليد محمد بن احمد بن محمد الاندلسى القرطبى
700 1 _aبتروث، تشارلس (تحقيق)
700 1 _aاحمد عبدالمجيد هريدى
260 _a[S.N] :
_bالهيئة المصرية العامة للكتاب ،
_c1983
300 _aمتعدد الترقيم
490 _a
650 0 4 _aالفلسفة الاسلامية
650 0 4 _aالفلسفة
650 0 4 _aالفلسفة اليونانية
650 0 4 _aالمنطق
650 0 4 _aارسطو
942 _2ddc
_cBK
999 _c28892
_d28892